Vista normal
Vista MARC
- Alcover, A.M
Entrada Nom personal
Nombre de registres utilitzats a: 7
001 - NÚMERO DE CONTROL
- campo de control: 68120
003 - IDENTIFICADOR DE NÚMERO DE CONTROL
- campo de control: OSt
005 - FECHA Y HORA DE LA ÚLTIMA TRANSACCIÓN
- campo de control: 20210930002435.0
008 - ELEMENTOS DE DATO DE LONGITUD-FIJA
- campo de control de longitud fija: 210929|| aca||aabn | a|a d
040 ## - FUENTE DE CATALOGACIÓN
- Centro catalogador/agencia de origen: OSt
- Centro/agencia transcriptor: OSt
100 ## - ENCABEZAMIENTO-NOMBRE DE PERSONA
- Nombre de persona: Alcover, A.M
670 ## - FUENTE DE DATOS ENCONTRADOS
- Cita de la fuente: Work cat.: (OSt)40068: Alcover, A.M., Diccionari català-valencià-balear: inventari lexicogràfic i etimològic de la llengua catalana en totes les seves formes literàries i dialectals, recollides dels documents i textos antics i moderns, i del parlar vivent al Principat de Catalunya,al Regne de València, a les Illes Balears, al Departament francès dels Pirineus Orientals, a les Valls d'Andorra, al marge oriental d'Aragó i a la ciutat d'Alguer de Sardenya